| 000 | 00783nam a2200289 a 4500 | ||
|---|---|---|---|
| 003 | AR-BaBNM | ||
| 005 | 20251128210304.0 | ||
| 008 | 082120s2002 ||||||||||||||000 | spa|| | ||
| 020 | _a84-7432-247-2 | ||
| 040 | _cAR-BaBNM | ||
| 100 | 1 | _aFalleta, Nicholas | |
| 245 | 0 | 0 |
_aParadojas y juegos _bilustraciones, acertijos y problemas imposibles |
| 250 | _a2ª ed. | ||
| 260 |
_aBarcelona _bGedisa _c1993 |
||
| 300 |
_a218 p. _btablas, gráfs., il. |
||
| 490 | 0 | _aJuegos | |
| 650 | 4 | _aLOGICA MATEMATICA | |
| 650 | 4 | _aPROBABILIDAD | |
| 650 | 4 | _aSOLUCION DE PROBLEMAS | |
| 650 | 4 | _aENSEÑANZA DE LAS MATEMATICAS | |
| 650 | 4 | _aACTIVIDADES | |
| 650 | 4 | _aENSEÑANZA DE LA CIENCIA | |
| 650 | 4 | _aLOGICA | |
| 653 | _aPROBLEMAS [MATEMATICA] | ||
| 942 | _cBK | ||
| 998 | _cRAQUEL | ||
| 999 |
_c14811 _d14811 |
||